| 000 | 00593nam a22002177a 4500 | ||
|---|---|---|---|
| 001 | 00028594 | ||
| 005 | 20260319144732.0 | ||
| 008 | 260319b ag ||||| |||| 00| 0 spa d | ||
| 020 | _a8448706773 | ||
| 040 |
_aAR-CcCEOS _bspa _cAR-CcCEOS |
||
| 041 | _aspa | ||
| 080 | _a820-3(73) | ||
| 090 | _bGRA | ||
| 100 | 1 |
_aGraves, Robert, _d1895-1985 _9925 |
|
| 245 |
_aEl conde Belisario / _cRobert Graves |
||
| 264 |
_aBarcelona : _bEdhasa, _cc1982. |
||
| 300 |
_a447 p. ; _c24x15 cm. |
||
| 490 | _vNovela histórica ; 37 | ||
| 655 | 0 |
_aliteratura inglesa _vnovela _9904 |
|
| 942 |
_2udc _cBK _n0 |
||
| 999 |
_c28624 _d28624 |
||